[Event "ARG-ch sf 95th"]
[Site "Buenos Aires"]
[Date "2020.02.28"]
[Round "7"]
[White "Ferrara, Enzo"]
[Black "Villarreal, Agustin"]
[Result "1/2-1/2"]
[WhiteElo "2186"]
[BlackElo "2033"]
[PlyCount "110"]
[EventDate "2020.02.22"]
[EventType "swiss"]
[EventRounds "9"]
[EventCountry "ARG"]
[SourceTitle "EXT 2021"]
[Source "ChessBase"]
[SourceDate "2020.10.23"]
[SourceVersion "1"]
[SourceVersionDate "2020.10.23"]
[SourceQuality "1"]

1. d4 Nf6 2. c4 e6 3. Nc3 d5 4. Nf3 Be7 5. g3 0-0 6. Bg2 Nbd7 7. cxd5 exd5 8. 0-0 Re8 9. Ne5 c6 10. f4 Nf8 11. e3 Bb4 12. Qb3 Qe7 13. a3 Bxc3 14. bxc3 Bf5 15. a4 Qc7 16. a5 Be4 17. Bh3 b5 18. a6 N6d7 19. Ba3 f6 20. Nf3 Nb6 21. Nd2 Qf7 22. Rfe1 Nc4 23. Nxc4 dxc4 24. Qd1 Nd7 25. Bb4 Nb6 26. Qg4 Nd5 27. Ba5 f5 28. Qe2 Re6 29. Qf2 Qh5 30. Bf1 Qf3 31. Qxf3 Bxf3 32. Kf2 Be4 33. h3 Rae8 34. Rad1 Bc2 35. Rd2 Be4 36. g4 h6 37. Bb4 Nxb4 38. cxb4 g6 39. Rc1 Kf7 40. Be2 Ke7 41. Rdd1 Rg8 42. Rg1 Kf8 43. Ke1 Bd5 44. Kd2 Re7 45. Rg3 Reg7 46. Rcg1 g5 47. Rf1 gxf4 48. Rxf4 Rf7 49. Rg1 fxg4 50. Rxf7+ Kxf7 51. Rf1+ Ke7 52. Bxg4 Rf8 53. Rf5 Rxf5 54. Bxf5 Kf6 55. e4 Be6 1/2-1/2

[Event "Buenos Aires ProAm op 26th"]
[Site "Buenos Aires"]
[Date "2019.10.13"]
[Round "8"]
[White "Silva, Lucas"]
[Black "Ferrara, Enzo"]
[Result "0-1"]
[WhiteElo "2116"]
[BlackElo "2170"]
[PlyCount "76"]
[EventDate "2019.10.06"]
[EventType "team-swiss"]
[EventRounds "8"]
[EventCountry "ARG"]
[SourceTitle "CBM 192 Extra"]
[Source "Chessbase"]
[SourceDate "2019.11.06"]
[SourceVersion "1"]
[SourceVersionDate "2019.11.06"]
[SourceQuality "1"]

1. d4 e6 2. c4 Nf6 3. Nc3 Bb4 4. f3 c5 5. d5 0-0 6. e4 b5 7. Be3 d6 8. Nge2 bxc4 9. a3 Ba5 10. dxe6 fxe6 11. Ng3 Re8 12. Kf2 d5 13. Bd2 Nc6 14. Na4 Rb8 15. Be2 Qe7 16. Re1 Qf8 17. Kg1 Bc7 18. Bg5 Be5 19. Kh1 Bd4 20. Bf1 Kh8 21. Qd2 Bd7 22. Nc3 Qf7 23. Rab1 Ng8 24. Bf4 Rb7 25. Bd6 Rd8 26. f4 Bc8 27. e5 Nh6 28. Qc2 Qxf4 29. Bxc4 Bxc3 30. Qxc3 Qxc4 31. Qe3 Rb3 32. Qf2 Qd4 33. Rf1 Qxf2 34. Rxf2 Nf5 35. Bc7 Re8 36. Nh5 Rb7 37. Bd6 Nxd6 38. exd6 Kg8 0-1

[Event "Buenos Aires ProAm op 26th"]
[Site "Buenos Aires"]
[Date "2019.10.10"]
[Round "5"]
[White "Dolezal, Cristian"]
[Black "Ferrara, Enzo"]
[Result "1/2-1/2"]
[WhiteElo "2406"]
[BlackElo "2170"]
[PlyCount "102"]
[EventDate "2019.10.06"]
[EventType "team-swiss"]
[EventRounds "8"]
[EventCountry "ARG"]
[SourceTitle "CBM 192 Extra"]
[Source "Chessbase"]
[SourceDate "2019.11.06"]
[SourceVersion "1"]
[SourceVersionDate "2019.11.06"]
[SourceQuality "1"]

1. d4 e6 2. c4 f5 3. Nc3 Nf6 4. Nf3 d5 5. Bf4 c6 6. e3 Bd6 7. Bd3 Qc7 8. g3 Ne4 9. Qc2 Bxf4 10. exf4 Qa5 11. 0-0 0-0 12. Ne2 Bd7 13. Ne5 Be8 14. f3 Nd6 15. c5 Nf7 16. g4 g6 17. Kh1 Nh6 18. g5 Nf7 19. h4 Nd7 20. Nxd7 Bxd7 21. h5 b6 22. Rfc1 Rab8 23. a3 bxc5 24. b4 cxb4 25. axb4 Qxb4 26. Rxa7 Rb7 27. Rxb7 Qxb7 28. h6 Rb8 29. Kg2 Qb3 30. Qd2 Qa3 31. Rc3 Qa1 32. Rc2 Qa7 33. Ra2 Qb6 34. Ra6 Qb3 35. Ra7 Rb7 36. Ra8+ Rb8 37. Qa5 Kf8 38. Qc5+ Ke8 39. Qc3 Qb7 40. Ra1 Ra8 41. Rb1 Qa7 42. Rb3 Rb8 43. Ra3 Qb7 44. Kf2 Ra8 45. Rb3 Qa7 46. Qb4 Bc8 47. Qc3 Bd7 48. Qb4 Bc8 49. Kg3 Qc7 50. Kf2 Qa7 51. Qc3 Bd7 1/2-1/2

[Event "Salliquelo U2200 4th"]
[Site "Salliquelo"]
[Date "2019.04.26"]
[Round "2.1"]
[White "Caracciolo, Javier Eduardo"]
[Black "Ferrara, Enzo"]
[Result "0-1"]
[WhiteElo "2066"]
[BlackElo "2189"]
[PlyCount "92"]
[EventDate "2019.04.26"]
[EventType "swiss"]
[EventRounds "7"]
[EventCountry "ARG"]
[SourceTitle "EXT 2024"]
[Source "ChessBase"]
[SourceDate "2023.10.10"]
[SourceVersion "1"]
[SourceVersionDate "2023.10.10"]
[SourceQuality "1"]

1. e4 e6 2. d4 d5 3. Nd2 Nf6 4. e5 Nfd7 5. Bd3 c5 6. c3 b6 7. f4 cxd4 8. cxd4 Ba6 9. Ndf3 Bxd3 10. Qxd3 Nc6 11. Ne2 Nb4 12. Qd1 Qc8 13. Nc3 Qc4 14. Qe2 Nd3+ 15. Kf1 Bb4 16. g3 Bxc3 17. bxc3 Qxc3 18. Kg2 Qxa1 19. Qxd3 Qxa2+ 20. Kh3 0-0 21. f5 Qc4 22. Qe3 exf5 23. Rg1 Qc6 24. Nh4 Qe6 25. Qf4 f6 26. Ba3 fxe5 27. dxe5 Rf7 28. Nf3 h6 29. Kg2 g5 30. Qd2 Nc5 31. Rd1 Rd8 32. Nxg5 Qc6 33. Nxf7 d4+ 34. Kg1 Kxf7 35. e6+ Qxe6 36. Re1 Ne4 37. Qb4 Qd6 38. Qc4+ Qd5 39. Qc7+ Qd7 40. Qc4+ Kg7 41. Bc1 Qc8 42. Qa2 d3 43. Rd1 d2 44. Bxd2 Qc5+ 45. Kg2 Qf2+ 46. Kh1 Qf3+ 0-1

[Event "Buenos Aires La Porta Cup"]
[Site "Buenos Aires"]
[Date "2019.03.22"]
[Round "3"]
[White "Acosta, Pablo Ismael"]
[Black "Ferrara, Enzo"]
[Result "1-0"]
[WhiteElo "2467"]
[BlackElo "2189"]
[PlyCount "63"]
[EventDate "2019.03.20"]
[EventType "swiss"]
[EventRounds "9"]
[EventCountry "ARG"]
[SourceTitle "CBM 189 Extra"]
[Source "ChessBase"]
[SourceDate "2019.06.03"]
[SourceVersion "1"]
[SourceVersionDate "2019.06.03"]
[SourceQuality "1"]

1. c4 f5 2. g3 Nf6 3. Bg2 g6 4. Nc3 Bg7 5. d3 d6 6. e4 c6 7. Nge2 0-0 8. 0-0 e5 9. Qb3 Kh8 10. exf5 gxf5 11. d4 Qb6 12. Rd1 Qxb3 13. axb3 Na6 14. dxe5 dxe5 15. h3 e4 16. Nf4 Re8 17. Be3 Nd7 18. Ra5 Be5 19. Rda1 Kg8 20. g4 Nf8 21. Nh5 Kf7 22. gxf5 Bxf5 23. Ng3 Bg6 24. Ngxe4 Bc7 25. Rxa6 bxa6 26. Ng5+ Kf6 27. Bxc6 Rxe3 28. fxe3 Rb8 29. Nf3 Bb6 30. Nd5+ Ke6 31. Rxa6 Kd6 32. Nxb6 1-0

[Event "ARG-ch sf 93rd"]
[Site "Buenos Aires"]
[Date "2018.05.20"]
[Round "2"]
[White "Dolezal, Cristian"]
[Black "Ferrara, Enzo"]
[Result "1/2-1/2"]
[WhiteElo "2395"]
[BlackElo "2222"]
[PlyCount "103"]
[EventDate "2018.05.19"]
[EventType "swiss"]
[EventRounds "9"]
[EventCountry "ARG"]
[SourceTitle "CBM 184 Extra"]
[Source "ChessBase"]
[SourceDate "2018.06.28"]
[SourceVersion "1"]
[SourceVersionDate "2018.06.28"]
[SourceQuality "1"]

1. d4 f5 2. Nc3 Nf6 3. Bg5 d5 4. e3 Nbd7 5. h4 e6 6. Nge2 h6 7. Bf4 a6 8. a3 Be7 9. h5 b5 10. Bg3 b4 11. axb4 Bxb4 12. f3 0-0 13. Nf4 Nb6 14. Ng6 Re8 15. Kf2 Bd6 16. Be2 Bxg3+ 17. Kxg3 Qd6+ 18. Kf2 Nbd7 19. f4 Rb8 20. Ra2 c5 21. Bf3 cxd4 22. exd4 Rb4 23. Qd2 Qb6 24. Rd1 Ne4+ 25. Bxe4 dxe4 26. Na4 Qb5 27. b3 Nf6 28. Ne5 Rd8 29. c4 Qb7 30. Nc5 Qb6 31. Kg1 a5 32. Rda1 a4 33. Nxa4 Qd6 34. Nc5 Rb8 35. Qe3 Nxh5 36. Ra7 Nxf4 37. Qxf4 Qxd4+ 38. Kh2 Qxc5 39. Nc6 Qxc6 40. Qxb8 Qe8 41. Qg3 Qh5+ 42. Qh3 Qg5 43. Qg3 Qh5+ 44. Qh3 Qg5 45. Rc7 Kh8 46. Raa7 Rg8 47. Qg3 Qh5+ 48. Kg1 Qd1+ 49. Kh2 Qh5+ 50. Kg1 Qd1+ 51. Kh2 Qh5+ 52. Kg1 1/2-1/2